000 00961cab a2200241 4500
001 WB3508-11
008 090401t1999 xxu||||| |||| 00| 0 eng d
035 _a(Sirsi) u91568
041 _aeng
245 _aHighways compulsory purchase
260 _c1999
350 _a0
490 _aEstates Gazette Case Summaries
_v[1999] EGCS 18 (20/2/99)
520 _a"Wards Construction (Medway) Ltd v Kent CC" CA 5 Febuary 1999. Held that K was entitled under the Highways Act 1980 s278 to obtain contribution from the developer for costs incurred in acquiring the land. W was bound by agreement for 65% of acquisition costs.
650 _aCompulsory purchase
_96228
650 _aCOSTS
650 _aHIGHWAYS ACT 1980 S278
650 _aROUNDABOUT
650 _aWARDS CONSTRUCTION (MEDWAY) LTD V KENT CC
690 _aENVIRONMENTAL AND LAND CONSULTANCY-PLANNING AND DEVELOPMENT-COMPULSORY PURCHASE AND COMPENSATION
942 _n0
948 _c24/02/1999
999 _c58141
_d58141